000 00516nam a2200193Ia 4500
003 GCL
008 140319s9999 xx 000 0 ara d
040 _aGCL /
_cGCL
082 0 4 _a709.04
_bس ر
100 1 _aسمير غريب
245 1 0 _aراية الخيال /
_cسمير غريب
260 _aالقاهرة :
_bدار الشروق ،
_c1993
300 _a279 ص ؛
_c24 سم
490 _a
650 0 4 _aمصر
650 0 4 _aالفن الحديث
650 0 4 _aالسيريالية
942 _2ddc
_cBK
999 _c46168
_d46168